zpět

Detail výsledku týmu

Hostinec Rynárec, Rynárec

Datum a čas kvízu

27.5 Celkem bodů Celkový počet nahraných bodů na tomto kvízu bez doplňovacích otázek.
2. Pořadí na kvízu Konečné umístění týmu na tomto kvízu.

Zaznamenané odpovědi

# Otázka Odpověď Body Výsledky
1. Hned na začátku kvízu pojďme s... Alexandra Stan – Mr. Saxobeat 1
2. Další píseň byla složena už př... Toploader – Dancing In The Moonlight 1
3. Která česká kapela stojí za tí... Support Lesbiens – Let's Dance 0.5
4. I zde nás zajímá jméno interpr... Dua Lipa – Dance The Night 1
5. Napište jméno DJe z poslední u... Armin van Buuren – Blah Blah Blah 1
6. Plynule navážeme na předešlé t... James Brown 1
7. Pustíme si druhý největší hit... The Animals 0
8. Tuto píseň nazpíval jako první... Dan Bárta 0
9. Zeptáme se trochu netradičně.... Andy Warhol 0
10. Jak se jmenuje zpěvák v posled... Paul Anka - Diana 0